| Tag |
First Indicator |
Second Indicator |
Subfields |
| LEADER |
00000cam a2200000 i 4500 |
| 001 |
in00004024021 |
| 006 |
m o d f |
| 007 |
cr b|||||a|||| |
| 008 |
180516s2018 dcu o f000 0 eng c |
| 005 |
20240130183706.0 |
| 035 |
|
|
|a (OCoLC)on1035764431
|
| 040 |
|
|
|a GPO
|b eng
|e rda
|e pn
|c GPO
|d GPO
|d MERUC
|d OCLCF
|d UOK
|d GPO
|d MvI
|
| 042 |
|
|
|a pcc
|
| 043 |
|
|
|a n-us---
|
| 049 |
|
|
|a WWW
|
| 050 |
|
4 |
|a KF27
|b .J863 2017
|
| 074 |
|
|
|a 1020-C (online)
|
| 086 |
0 |
|
|a Y 4.J 89/1:115-13
|
| 088 |
|
|
|a Serial no. 115-13 (United States. Congress. House. Committee on the Judiciary)
|
| 110 |
1 |
|
|a United States.
|b Congress.
|b House.
|b Committee on the Judiciary.
|b Subcommittee on Immigration and Border Security,
|0 https://id.loc.gov/authorities/names/no2013055408
|e author.
|
| 245 |
1 |
0 |
|a Restoring enforcement of our nation's immigration laws :
|b hearing before the Subcommittee on Immigration and Border Security of the Committee on the Judiciary, House of Representatives, One Hundred Fifteenth Congress, first session, March 28, 2017.
|
| 264 |
|
1 |
|a Washington :
|b U.S. Government Publishing Office,
|c 2018.
|
| 300 |
|
|
|a 1 online resource (iii, 42 pages)
|
| 336 |
|
|
|a text
|b txt
|2 rdacontent
|
| 337 |
|
|
|a computer
|b c
|2 rdamedia
|
| 338 |
|
|
|a online resource
|b cr
|2 rdacarrier
|
| 588 |
|
|
|a Description based on online resource; title from PDF title screen (govinfo web site, viewed on May 15, 2018).
|
| 500 |
|
|
|a "Serial no. 115-13."
|
| 500 |
|
|
|a GPO Cataloging Record Distribution Program (CRDP).
|
| 651 |
|
0 |
|a United States
|x Emigration and immigration
|x Law and legislation.
|
| 650 |
|
0 |
|a Immigration enforcement
|z United States.
|
| 650 |
|
0 |
|a Noncitizens
|x Government policy
|z United States.
|
| 650 |
|
0 |
|a Illegal immigration
|x Government policy
|z United States.
|
| 650 |
|
0 |
|a Noncitizen criminals
|x Government policy
|z United States.
|
| 650 |
|
0 |
|a Rule of law
|z United States.
|
| 650 |
|
0 |
|a National security
|z United States.
|0 https://id.loc.gov/authorities/subjects/sh85140387
|
| 655 |
|
7 |
|a Legislative hearings.
|2 lcgft
|0 https://id.loc.gov/authorities/genreForms/gf2013025047
|
| 776 |
0 |
8 |
|i Print version:
|a United States. Congress. House. Committee on the Judiciary. Subcommittee on Immigration and Border Security.
|t Restoring enforcement of our nation's immigration laws
|w (OCoLC)1035764447
|
| 776 |
0 |
8 |
|i Microfiche version:
|a United States. Congress. House. Committee on the Judiciary. Subcommittee on Immigration and Border Security.
|t Restoring enforcement of our nation's immigration laws
|w (OCoLC)1051772989
|
| 856 |
4 |
0 |
|3 PDF version
|u https://purl.fdlp.gov/GPO/gpo91629
|t 0
|
| 856 |
4 |
0 |
|3 Text version
|u https://purl.fdlp.gov/GPO/gpo91631
|t 0
|
| 999 |
f |
f |
|s f244d3be-ff42-317b-8bd1-422106dc9c05
|i 4a06fc4b-b651-368b-9091-63d65c05e835
|t 0
|
| 952 |
f |
f |
|a Texas A&M University
|b College Station
|c Electronic Resources
|d Available Online
|t 0
|e Y 4.J 89/1:115-13
|h Superintendent of Documents classification
|
| 998 |
f |
f |
|a Y 4.J 89/1:115-13
|t 0
|l Available Online
|